| 000 | 00455nam a2200145 i 4500 | ||
|---|---|---|---|
| 001 | 43060 | ||
| 003 | ES-MaACL | ||
| 005 | 20230906160726.0 | ||
| 007 | t| | ||
| 008 | 030314s1930 sp ||||1| spa d | ||
| 245 | 0 | 0 | _aCenso Corporativo Electoral rectificado por las Juntas Provinciales del Censo en el mes de diciembre de 1928. |
| 260 |
_aMadrid : _b[s.n., _c1930] ( _fHijos de M. G. Hernández) |
||
| 300 |
_a310 p. ; _c25 cm. |
||
| 852 |
_aES-MaACL _jA-338 |
||
| 999 |
_c43060 _d43060 |
||